000 00284nam a22001097a 4500
008 230704b xxu||||| |||| 00| 0 eng d
082 _a342.07
_bMWA 1986
245 _a1983 Election Petition Judgements
260 _aNairobi
_bStellagraphics Ltd
_c1986
300 _a232p
942 _2ddc
_cBK
999 _c3642
_d3642